MARC details
| 000 -CABECERA |
| campo de control de longitud fija |
01014nam a2200217 a 4500 |
| 001 - NÚMERO DE CONTROL |
| campo de control |
000036118 |
| 005 - FECHA Y HORA DE LA ÚLTIMA TRANSACCIÓN |
| campo de control |
20200930074907.0 |
| 008 - DATOS DE LONGITUD FIJA--INFORMACIÓN GENERAL |
| campo de control de longitud fija |
111214s2007 mx ac 000 0 spa d |
| 020 ## - NÚMERO INTERNACIONAL ESTÁNDAR DEL LIBRO |
| Número Internacional Estándar del Libro |
9789684182974 |
| 040 ## - FUENTE DE LA CATALOGACIÓN |
| Centro catalogador/agencia de origen |
DO-SdBNP |
| Lengua de catalogación |
spa |
| Centro/agencia transcriptor |
BNPHU |
| 082 ## - NÚMERO DE LA CLASIFICACIÓN DECIMAL DEWEY |
| Número de clasificación |
R 036 |
| Número de documento/Ítem |
G748 |
| 049 ## - FONDOS LOCALES (OCLC) |
| Fondos de biblioteca |
BNPD |
| 245 00 - MENCIÓN DE TÍTULO |
| Título |
Gran enciclopedia Time Life / |
| Mención de responsabilidad, etc. |
dirección editorial Bettina Cositorto. |
| 260 ## - PUBLICACIÓN, DISTRIBUCIÓN, ETC. |
| Lugar de publicación, distribución, etc. |
Mexíco, D.F. : |
| Nombre del editor, distribuidor, etc. |
Ediciones Culturales Internacionales, |
| Fecha de publicación, distribución, etc. |
2007. |
| 300 ## - DESCRIPCIÓN FÍSICA |
| Extensión |
v. : |
| Otras características físicas |
il., retrs. ; |
| Dimensiones |
28 cm. |
| 500 ## - NOTA GENERAL |
| Nota general |
La biblioteca posee los volumenes 10, 11 y 12 |
| 505 0# - NOTA DE CONTENIDO CON FORMATO |
| Información miscelánea |
v. 10 - |
| Título |
Biografías universales: grandes forjadores de la historia de la humanidad: Aalto-García Lorca: |
| Información miscelánea |
V.11 - |
| Título |
Biografías universales: grandes forjadores de la historia de la humanidad: García Márquez-Paganini |
| Información miscelánea |
v.12 - |
| Título |
Biografías universales: grandes forjadores de la historia de la humanidad : Paine-Zweig |
| 700 12 - PUNTO DE ACCESO ADICIONAL--NOMBRE DE PERSONA |
| Nombre de persona |
Cositorto, Bettina, |
| Término indicativo de función/relación |
ed. |
| 9 (RLIN) |
52995 |
| 740 2# - PUNTO DE ACCESO ADICIONAL--TÍTULO RELACIONADO O ANALÍTICO NO CONTROLADO |
| Título relacionado o analítico no controlado |
Biografías universales |
| 910 ## - DATOS DE OPCIÓN DEL USUARIO (OCLC) |
| Datos de opción del usuario |
Validado. Control de calidad MFF |